| 000 | 01275cam a22002897a 4500 | ||
|---|---|---|---|
| 001 | 3574 | ||
| 005 | 20251119090606.0 | ||
| 020 | _a9781416984467 | ||
| 040 |
_aOCP _cOCP _dXY4 _dDLC _beng |
||
| 050 | 0 | 0 | _aPZ7.S6953 |
| 082 | 0 | 0 | _a813.6 |
| 100 | 1 | _aSollinger, Emily | |
| 245 | 1 | 0 |
_aWho Bob what pants? / _cadapted by Emily Sollinger ; illustrated by Stephen Reed |
| 260 |
_aNew York : _bSimon Spotlight/Nickelodeon, _c2008 |
||
| 300 |
_a24 unnumbered pages : _bcolor illustrations ; _c21 cm. |
||
| 490 | _aSpongeBob SquarePants | ||
| 505 | _aN | ||
| 520 | _aAfter annoying all of his friends, SpongeBob decides to pack up his belongings and leave Bikini Bottom forever. A bump on the head causes him to lose his memory, and he finds himself mayor of New Kelp City. When Sandy, Patrick, Mr. Krabs, and Squidward finally find him, it will be up to SpongeBob to either return to his old life with these "strangers," or remain in the city where he's considered a hero. | ||
| 521 |
_a570
_bLexile AD |
||
| 521 |
_aN
_bRaz-Plus |
||
| 650 | 0 |
_aAmnesia _vJuvenile fiction |
|
| 650 | 0 | _aPicture books | |
| 650 | 1 |
_aAmnesia _vFiction |
|
| 700 | 1 |
_aReed, Stephen _d1975- _eillustrator |
|
| 906 |
_a7 _bcbc _ccopycat _d2 _encip _f20 _gy-gencatlg |
||
| 942 |
_2ddc _cBK _n0 |
||
| 999 |
_c3574 _d3574 |
||